[Event "AUTO-INT-668"]
[Site "http://www.queenalice.com/game.php?id=295572"]
[Date "2007.10.30"]
[Round "1"]
[White "alyne_gracyelle"]
[Black "ashokteli"]
[Result "1-0"]
[WhiteElo "1515"]
[BlackElo "1930"]

1. e4 e5 2. Nf3 Nf6 3. Nxe5 d6 4. Nf3 Nxe4 5. Bd3 Nf6 6. O-O Be7 7. Nc3 O-O 8.
b3 c6 9. Bb2 a5 10. Nh4 Ng4 11. Nf5 Ne5 12. Nxe7+ Qxe7 13. Qe2 Re8 14. Rfe1 Be6
15. Na4 Nxd3 16. Qxd3 Nd7 17. Qg3 f6 18. Re3 Qf7 19. Qxd6 Rad8 20. Rae1 Nc5 21.
Qxc5 Rxd2 22. Nb6 Rdd8 23. Nc4 1-0

[Event "AUTO-INT-668"]
[Site "http://www.queenalice.com/game.php?id=295573"]
[Date "2007.10.30"]
[Round "1"]
[White "ashokteli"]
[Black "alyne_gracyelle"]
[Result "0-1"]
[WhiteElo "1960"]
[BlackElo "1485"]

1. e4 e5 2. Nf3 Nc6 3. Bb5 Be7 4. O-O Nf6 5. Nc3 O-O 6. Bxc6 dxc6 7. d3 Bg4 8.
h3 Bh5 9. Bg5 h6 10. Bxf6 Bxf6 11. g4 Bg6 12. Qd2 b5 13. a3 a5 14. Ne2 c5 15.
Nc3 c6 16. Ne2 Qd7 17. Ng3 Rfd8 18. Rad1 b4 19. Kg2 a4 20. axb4 cxb4 21. Qxb4
Be7 22. Qd2 f6 23. Nf5 Bc5 24. h4 Bh7 0-1

[Event "AUTO-OPEN-884"]
[Site "http://www.queenalice.com/game.php?id=295825"]
[Date "2007.10.31"]
[Round "1"]
[White "ashokteli"]
[Black "Caloxa"]
[Result "0-1"]
[WhiteElo "1812"]
[BlackElo "1862"]

1. e4 e5 2. g3 Nf6 3. Bg2 Nc6 4. Nc3 Bc5 5. Nf3 O-O 6. O-O d6 7. d3 Be6 8. Bg5
h6 9. Bd2 a6 10. Na4 Ba7 11. c4 b5 12. cxb5 axb5 13. Nc3 b4 14. Ne2 Bc5 15. b3
Qd7 0-1

[Event "AUTO-OPEN-884"]
[Site "http://www.queenalice.com/game.php?id=295846"]
[Date "2007.10.31"]
[Round "1"]
[White "thiagosg666"]
[Black "ashokteli"]
[Result "0-1"]
[WhiteElo "1373"]
[BlackElo "2067"]

1. d4 d5 2. e4 dxe4 3. Bb5+ c6 4. Bc4 Nf6 5. Bg5 e6 6. Nc3 Be7 7. Nge2 O-O 8.
O-O Nd5 9. Bxd5 exd5 10. Nf4 Bxg5 11. Nh5 Nd7 12. f4 Bf6 13. f5 Qb6 14. Ne2 Qxb2
15. a4 Qb4 16. Nef4 Bxd4+ 17. Rf2 Bxf2+ 18. Kxf2 Ne5 19. Rb1 Qc5+ 20. Ke2 Bxf5
21. g4 Bxg4+ 22. Ke1 Bxd1 23. Rxd1 Qxc2 24. h3 Nf3+ 25. Kf1 Qxd1+ 26. Kg2 Qg1#
0-1

[Event "AUTO-OPEN-884"]
[Site "http://www.queenalice.com/game.php?id=295847"]
[Date "2007.10.31"]
[Round "1"]
[White "ashokteli"]
[Black "thiagosg666"]
[Result "0-1"]
[WhiteElo "1753"]
[BlackElo "1407"]

1. e4 Nf6 2. Nc3 d5 3. exd5 e6 4. dxe6 Bxe6 5. d3 Ng4 6. Be2 Bc5 7. Bxg4 O-O 8.
Bxe6 Nc6 9. Bxf7+ Rxf7 10. Nf3 Bb4 11. O-O a5 12. a3 Ra6 13. axb4 Nxb4 14. Bg5
Qd7 15. Ne5 Qe6 16. Nxf7 Qxf7 17. Bd2 Rf6 18. Ne4 Re6 19. Bxb4 b6 20. Bc3 Qf5
21. Ng3 Qg5 22. Ra4 c5 23. Rg4 Qe7 24. Rxg7+ Kf8 25. Rxe7 Kxe7 26. Re1 h5 27.
Rxe6+ Kxe6 28. Qe2+ Kd6 0-1

[Event "AUTO-OPEN-884"]
[Site "http://www.queenalice.com/game.php?id=295860"]
[Date "2007.10.31"]
[Round "1"]
[White "ashokteli"]
[Black "emiliano"]
[Result "1-0"]
[WhiteElo "2043"]
[BlackElo "1748"]

1. e4 e5 2. Nf3 Nc6 3. Bb5 a6 4. Ba4 Nf6 5. d3 b5 6. Bb3 Be7 7. O-O d6 8. a3 O-O
9. Nc3 Bb7 10. Bg5 Nd4 11. Bxf6 Bxf6 12. Nxd4 exd4 13. Nd5 Bxd5 14. Bxd5 Rb8 15.
b4 Qd7 16. f4 c6 17. Ba2 c5 18. Bd5 Rfe8 19. bxc5 dxc5 20. Qf3 g6 21. e5 Bg7 22.
Bc6 Qc7 23. Bxe8 Rxe8 24. Rfe1 c4 25. Re4 Rd8 26. Rae1 c3 27. e6 fxe6 28. Rxe6
a5 29. Re8+ Rxe8 30. Rxe8+ Kf7 31. Qe4 Bf6 32. Qe6+ Kg7 33. Rg8+ 1-0

[Event "AUTO-OPEN-884"]
[Site "http://www.queenalice.com/game.php?id=295861"]
[Date "2007.10.31"]
[Round "1"]
[White "emiliano"]
[Black "ashokteli"]
[Result "1/2-1/2"]
[WhiteElo "1779"]
[BlackElo "2045"]

1. e4 e5 2. Nf3 Nf6 3. Nxe5 d6 4. Nf3 Nxe4 5. d4 d5 6. Bd3 Nf6 7. Qe2+ Be7 8.
O-O O-O 9. c4 Re8 10. cxd5 Nxd5 11. Nc3 Nxc3 12. bxc3 Bd6 13. Qc2 h6 14. Re1 Nc6
15. Bb2 a6 16. Rxe8+ Qxe8 17. Re1 Qd8 18. d5 Ne7 19. c4 c6 20. dxc6 Nxc6 21. Be4
Be6 22. Bxc6 bxc6 23. c5 Bf8 24. Nd4 Bd5 25. Rd1 Qg5 26. f3 Bxa2 27. Nxc6 Rc8
28. Bxg7 Rxc6 29. Bxf8 Kxf8 30. Qxa2 Qxc5+ 31. Qf2 Ke7 32. Qxc5+ Rxc5 33. Ra1 a5
34. g4 Ke6 35. Kg2 Ke5 36. Kg3 Kd4 37. h4 Kd3 38. f4 Kc2 39. g5 Kb2 40. Ra4 Kb3
41. Ra1 a4 42. gxh6 Rh5 43. Kg4 Rxh6 44. Kg5 Rh7 45. h5 a3 46. Rb1+ Kc2 47. Rh1
a2 48. Kf6 Kb2 49. Ke7 a1=Q 50. Rxa1 Kxa1 51. f5 Rxh5 52. f6 Kb2 53. Kxf7 Kc3
54. Kg7 Kd4 55. f7 Rf5 56. f8=Q Rxf8 57. Kxf8 Ke4 1/2-1/2

[Event "Challenge"]
[Site "http://www.queenalice.com/game.php?id=296120"]
[Date "2007.10.31"]
[Round "-"]
[White "ashokteli"]
[Black "nenem"]
[Result "1-0"]
[WhiteElo "2034"]
[BlackElo "1832"]

1. e4 e5 2. g3 Bc5 3. Bg2 Nc6 4. Nc3 Nf6 5. Nf3 d5 6. exd5 Nxd5 7. O-O Nxc3 8.
dxc3 Qxd1 9. Rxd1 O-O 10. Rd5 Bd6 11. Be3 Be6 12. Rd2 Rad8 13. Ng5 h6 14. Nxe6
fxe6 15. Bxc6 bxc6 16. b4 a6 17. Rad1 Rf6 18. Bc5 Rdf8 19. Bxd6 cxd6 20. Rxd6
Rxf2 21. Rxe6 Rxc2 22. Rf1 Rxc3 23. Rxe5 Rxf1+ 24. Kxf1 Rc1+ 25. Re1 Rc2 26. Re2
Rxe2 27. Kxe2 Kf7 28. Ke3 Ke6 29. Kd4 Kd6 30. a4 g6 31. h3 h5 32. h4 Ke6 33. Kc5
1-0

[Event "club-echecs-mat.ifrance.com"]
[Site "http://www.queenalice.com/game.php?id=296147"]
[Date "2007.10.31"]
[Round "-"]
[White "charles31"]
[Black "ashokteli"]
[Result "1/2-1/2"]
[WhiteElo "1784"]
[BlackElo "2040"]

1. e4 e5 2. Nf3 Nc6 3. d4 exd4 4. Nxd4 Bc5 5. Nxc6 bxc6 6. Nc3 h6 7. Qg4 Qf6 8.
f3 d6 9. Qg3 Ne7 10. Bd2 Be6 11. Bd3 O-O 12. h4 a5 13. f4 Qg6 14. Qxg6 fxg6 15.
O-O-O Bb4 16. Kb1 Rab8 17. a3 Bxa3 18. Na4 Bb4 19. c3 Bc5 20. Nxc5 dxc5 21. c4
a4 22. Kc2 Bg4 23. Ra1 Ra8 24. Ra3 Ra6 25. g3 Nc8 26. Be3 Ra5 27. e5 Ne7 28. Bd2
Ra6 29. b4 cxb4 30. Bxb4 Re8 31. Bxe7 Rxe7 32. Rha1 Kf7 33. Rxa4 Rxa4 34. Rxa4
Ke6 35. Bxg6 Bf5+ 36. Bxf5+ Kxf5 37. Ra3 g5 38. hxg5 hxg5 39. Rf3 gxf4 40. gxf4
Rd7 41. Kc3 c5 42. Rd3 Re7 43. Rf3 c6 44. Kd3 Rb7 45. Rf1 Rb3+ 46. Ke2 Rc3 47.
Rf3 Rxc4 48. Kd3 Rb4 49. Rf1 Rd4+ 50. Kc3 Rb4 51. Rf2 Ra4 52. Kb3 Re4 53. Kc3 c4
54. Kb4 Re1 55. Kxc4 Ke4 56. e6 Ke3 57. Rh2 Kxf4 58. Kc5 Rxe6 59. Rf2+ Ke3 60.
Ra2 Kd3 61. Ra6 Kc3 62. Rxc6 Rxc6+ 63. Kxc6 1/2-1/2

[Event "club-echecs-mat.ifrance.com"]
[Site "http://www.queenalice.com/game.php?id=296150"]
[Date "2007.10.31"]
[Round "-"]
[White "ashokteli"]
[Black "charles31"]
[Result "1-0"]
[WhiteElo "2032"]
[BlackElo "1767"]

1. e4 e5 2. Nf3 d6 3. h3 Nc6 4. Bb5 Bd7 5. c3 a6 6. Ba4 Nf6 7. d3 h6 8. O-O Nh5
9. Nxe5 Nxe5 10. Bxd7+ Qxd7 11. Qxh5 O-O-O 12. d4 Ng6 13. Be3 Re8 14. Nd2 Qb5
15. Qxb5 axb5 16. b4 c6 17. a4 bxa4 18. Rxa4 Kc7 19. Ra7 Rb8 20. d5 Ne5 21. f4
Nd3 22. dxc6 Kxc6 23. Nc4 Be7 24. Na5+ Kc7 25. b5 Nc5 26. Rb1 Rhc8 27. Nc6 Kd7
28. Nxb8+ Rxb8 29. Bxc5 dxc5 30. c4 f6 31. Rba1 Kc8 32. Kf1 Bd6 33. f5 Bc7 34.
Rd1 Bb6 35. Ra3 Kc7 36. Rad3 Rg8 37. Rd7+ Kc8 38. Rf7 g5 39. Rh7 Re8 40. Re1 Ba5
41. Re2 Bd8 42. Ra2 Kb8 43. Rd2 Bc7 44. Rdd7 Bb6 45. Rxb7+ Kc8 46. Rxb6 Rxe4 47.
Rxf6 1-0

[Event "AUTO-ADV-696"]
[Site "http://www.queenalice.com/game.php?id=296357"]
[Date "2007.11.1"]
[Round "1"]
[White "ashokteli"]
[Black "fbn"]
[Result "0-1"]
[WhiteElo "2015"]
[BlackElo "1786"]

1. e4 e6 2. Nf3 Nc6 3. Bc4 d5 4. exd5 exd5 5. Be2 Nf6 6. O-O Bd6 7. d4 O-O 8.
Bg5 Be7 9. Re1 h6 10. Bh4 Ne4 11. Bxe7 Nxe7 12. h3 a6 13. Bd3 Nd6 14. c3 Bf5 15.
Ne5 Bxd3 16. Nxd3 Nef5 17. Ne5 Qg5 18. Nd2 Nh4 19. Qg4 Qxg4 20. Nxg4 f6 21. Ne3
b5 22. Nxd5 c6 23. Nb4 Rfc8 24. Re6 a5 25. Rxd6 axb4 26. cxb4 Nf5 27. Rd7 Rd8
28. Rxd8+ Rxd8 29. Nf3 Nxd4 30. Nxd4 Rxd4 31. a3 Kf7 32. Kf1 Ke6 33. Ke2 Ke5 34.
g3 g5 35. f3 f5 36. Rc1 Rc4 37. Rc3 Rxc3 38. bxc3 f4 39. g4 Kd5 0-1

[Event "AUTO-ADV-696"]
[Site "http://www.queenalice.com/game.php?id=296358"]
[Date "2007.11.1"]
[Round "1"]
[White "fbn"]
[Black "ashokteli"]
[Result "1-0"]
[WhiteElo "1759"]
[BlackElo "2043"]

1. e4 e5 2. Nf3 Nf6 3. Nc3 Bc5 4. Bc4 O-O 5. O-O d6 6. h3 c6 7. d3 h6 8. a3 a6
9. Qe2 b5 10. Ba2 Nbd7 11. Be3 Bxe3 12. Qxe3 Bb7 13. Rfe1 Re8 14. b4 Nh5 15. Nh2
Nhf6 16. Nf3 d5 17. exd5 cxd5 18. d4 e4 19. Nh4 Nb6 20. Nf5 Nc4 21. Bxc4 dxc4
22. g4 Nd5 23. Nxd5 Bxd5 24. c3 Qf6 25. a4 Qg5 26. Qxg5 hxg5 27. a5 g6 28. Ng3
Re6 29. Ra2 Rae8 30. Rae2 Kg7 31. Kh2 f6 32. h4 gxh4 33. Nf1 g5 34. Ne3 Bc6 35.
d5 Bxd5 36. Nxd5 Rd6 37. Ne3 Rd3 38. Rc2 Kg6 39. Kg2 1-0

[Event "AUTO-ADV-696"]
[Site "http://www.queenalice.com/game.php?id=296359"]
[Date "2007.11.1"]
[Round "1"]
[White "ashokteli"]
[Black "maues"]
[Result "0-1"]
[WhiteElo "1798"]
[BlackElo "1598"]

1. e4 e5 2. Nf3 Nc6 3. c3 Bc5 4. d3 h6 5. Be2 d6 6. O-O f5 7. d4 fxe4 8. dxc5
exf3 9. Bxf3 Nge7 10. cxd6 cxd6 11. Na3 O-O 12. Bg4 Nf5 13. Bf3 Nh4 14. Bd5+ Kh8
15. g3 Ng6 16. Qh5 Nce7 17. Bb3 d5 18. Bg5 Rf5 0-1

[Event "AUTO-ADV-696"]
[Site "http://www.queenalice.com/game.php?id=296360"]
[Date "2007.11.1"]
[Round "1"]
[White "maues"]
[Black "ashokteli"]
[Result "1-0"]
[WhiteElo "1678"]
[BlackElo "1662"]

1. e4 g6 2. d4 Bg7 3. Nf3 d6 4. b3 Nc6 5. Bb2 a6 6. Nbd2 e5 7. d5 Nce7 8. Be2 f5
9. O-O fxe4 10. Nxe4 Bg4 11. c4 Nf5 12. Nfg5 Bxe2 13. Qxe2 Nf6 14. Ne6 Qe7 15.
Nxf6+ Bxf6 16. f4 Nd4 17. Bxd4 exd4 18. Nxc7+ Kd7 19. Qxe7+ Bxe7 20. Nxa8 Rxa8
21. f5 1-0

[Event "AUTO-ADV-696"]
[Site "http://www.queenalice.com/game.php?id=296361"]
[Date "2007.11.1"]
[Round "1"]
[White "ashokteli"]
[Black "gomery"]
[Result "0-1"]
[WhiteElo "1682"]
[BlackElo "1822"]

1. e4 c5 2. Nf3 Nc6 3. d4 cxd4 4. Nxd4 g6 5. Nxc6 bxc6 6. Be2 Bg7 7. c3 Nf6 8.
Bd3 Qc7 9. O-O O-O 10. Be3 Rb8 11. Qc2 Ng4 12. g3 Nxe3 13. fxe3 Qb6 14. Re1 Qxb2
15. Qxb2 Rxb2 16. Re2 Rb6 17. Nd2 Bxc3 18. Rb1 Bxd2 19. Rxb6 Bxe3+ 20. Rxe3 axb6
21. a4 c5 22. Bb5 Bb7 23. Bxd7 Rd8 24. Bb5 Rd4 0-1

[Event "AUTO-ADV-696"]
[Site "http://www.queenalice.com/game.php?id=296362"]
[Date "2007.11.1"]
[Round "1"]
[White "gomery"]
[Black "ashokteli"]
[Result "1-0"]
[WhiteElo "1832"]
[BlackElo "1672"]

1. e4 e5 2. Nf3 Nf6 3. Nxe5 d6 4. Nf3 Nxe4 5. d4 d5 6. Bd3 Qe7 7. O-O Qd6 8. Re1
Be7 9. Bxe4 O-O 10. Bd3 Nc6 11. Bg5 Bg4 12. Bxe7 Nxe7 13. Nc3 c6 14. Re3 Ng6 15.
Bxg6 fxg6 16. Qe2 Rf6 17. Re1 Raf8 18. h3 Bxf3 19. Rxf3 Rxf3 20. gxf3 a6 21.
Qe6+ Qxe6 22. Rxe6 Rxf3 23. Kg2 Rf7 24. Re8+ Rf8 25. Rxf8+ Kxf8 26. Kf3 1-0

[Event "AUTO-MASTER-427"]
[Site "http://www.queenalice.com/game.php?id=315613"]
[Date "2007.12.6"]
[Round "1"]
[White "ashokteli"]
[Black "Paked"]
[Result "0-1"]
[WhiteElo "1889"]
[BlackElo "1883"]

1. e4 e5 2. Nf3 Nc6 3. d4 exd4 4. Nxd4 Nge7 5. c3 Nxd4 6. cxd4 d5 7. e5 Nc6 8.
Bb5 Bd7 9. Bxc6 Bxc6 10. O-O Be7 11. f4 O-O 12. Nd2 Bd7 13. Nf3 Be6 14. h3 f6
15. Qd3 Qc8 16. Qe2 c5 17. Be3 cxd4 18. Bxd4 Bc5 19. Bxc5 Qxc5+ 20. Kh1 Rad8 21.
Rac1 Qb6 22. b3 Qb4 23. Qe3 d4 24. Qd3 fxe5 25. Nxe5 Bf5 26. Qc4+ Qxc4 27. Nxc4
d3 28. Nd2 Rfe8 29. Rf2 Re2 30. Kg1 Rde8 31. Rd1 b5 32. Kf1 h5 33. Rf3 Kf7 34.
Rg3 g6 35. Rf3 Kf6 0-1

[Event "AUTO-MASTER-427"]
[Site "http://www.queenalice.com/game.php?id=315614"]
[Date "2007.12.6"]
[Round "1"]
[White "Paked"]
[Black "ashokteli"]
[Result "1-0"]
[WhiteElo "1899"]
[BlackElo "1873"]

1. e4 e5 2. Nf3 Nc6 3. Bb5 a6 4. Ba4 d6 5. O-O Bg4 6. h3 Bh5 7. d3 Nf6 8. Bxc6+
bxc6 9. Nc3 Be7 10. Be3 O-O 11. a3 h6 12. d4 exd4 13. Bxd4 Re8 14. e5 dxe5 15.
Bxe5 Bd6 16. Bxd6 cxd6 17. Qd3 Bxf3 18. Qxf3 d5 19. Rfe1 Qb6 20. b3 Qc5 21. b4
Qd6 22. Rad1 Nh7 23. Na4 Ng5 24. Qg4 Qg6 25. Qg3 Qxc2 26. Nc5 Ne4 27. Nxe4 Rxe4
28. Kh2 Rae8 29. Rc1 Qa4 30. Rxe4 Rxe4 31. Rc5 Rc4 32. Ra5 Qc2 33. Rxa6 Qe2 34.
Qe3 1-0

[Event "AUTO-MASTER-427"]
[Site "http://www.queenalice.com/game.php?id=315615"]
[Date "2007.12.6"]
[Round "1"]
[White "ashokteli"]
[Black "Ze_Pereira"]
[Result "0-1"]
[WhiteElo "1900"]
[BlackElo "2022"]

1. d4 Nf6 2. e3 e6 3. Nf3 d5 4. Bd3 Bd6 5. O-O O-O 6. Nc3 a6 7. e4 dxe4 8. Nxe4
Nbd7 9. Nxd6 cxd6 10. Bg5 Qb6 11. b3 h6 12. Bh4 Nd5 13. c4 Nb4 14. Be2 g5 15.
Bg3 Nf6 16. h3 Ne4 17. Bh2 Bd7 18. a3 Nc3 19. Qd2 Nxe2+ 20. Qxe2 Nc6 21. Bxd6
Nxd4 22. Nxd4 Qxd6 23. Rfd1 Rad8 24. Nf5 Qf4 0-1

[Event "AUTO-MASTER-427"]
[Site "http://www.queenalice.com/game.php?id=315616"]
[Date "2007.12.6"]
[Round "1"]
[White "Ze_Pereira"]
[Black "ashokteli"]
[Result "1-0"]
[WhiteElo "2003"]
[BlackElo "2067"]

1. d4 d5 2. c4 c6 3. Nc3 Nf6 4. Nf3 e6 5. Bg5 Be7 6. e3 O-O 7. Bd3 Nbd7 8. Qc2
h6 9. Bh4 dxc4 10. Bxc4 Nd5 11. Bg3 N7f6 12. e4 Nb6 13. Bd3 Nh5 14. O-O Nxg3 15.
hxg3 a6 16. Rad1 Qc7 17. Nh4 Qd8 18. Nf3 Bd7 19. a3 Rc8 20. b4 Rc7 21. Qb3 1-0

[Event "AUTO-MASTER-427"]
[Site "http://www.queenalice.com/game.php?id=315617"]
[Date "2007.12.6"]
[Round "1"]
[White "ashokteli"]
[Black "aesnihc"]
[Result "0-1"]
[WhiteElo "1822"]
[BlackElo "1984"]

1. d4 d5 2. c4 dxc4 3. e3 e6 4. Bxc4 Nf6 5. Nf3 Be7 6. O-O O-O 7. Nc3 a6 8. Bd3
Nc6 9. Bc2 Bd7 10. h3 Nd5 11. Nxd5 exd5 12. Qd3 g6 13. Nh2 Qc8 0-1